| 000 | 00593nam a2200193 a 4500 | ||
|---|---|---|---|
| 005 | 20210223120410.0 | ||
| 008 | 991125s1980 mx 000 0 spa u | ||
| 035 | _aUPN01000000201 | ||
| 049 | _aSEP | ||
| 050 | 4 |
_aPM4214 _bA34 |
|
| 245 | 0 | 0 |
_aAbecedario de la lengua purépecha / _cJorge Antonio Joaquín ... [et al.]. |
| 260 |
_aPátzcuaro, Mich. : _bINI : _bSEP, _c1980. |
||
| 300 | _a34 p. | ||
| 500 | _aA la cabeza de la portada SEP INI, CIS-INAH | ||
| 500 | _a"Programa de etnolingüística" | ||
| 650 | 4 |
_aPUREPECHA _923121 |
|
| 700 | 1 |
_aJoaquín, Jorge Antonio, _ecoaut. |
|
| 905 | _aLibro | ||
| 999 |
_c201 _d201 |
||